Sports Quiz

Random Sports or Famous Quiz

Girondins Bordeaux famous players by photo (Slideshow) Quiz Stats

 Plays Quiz not verified by Sporcle

Score 0/40 Timer 12:00
0 Plays Today
% Correct
Zinedine Zidane
94.4%
Christophe Dugarry
91.6%
Marouane Chamakh
91.3%
Jaroslav Plašil
89.9%
Pedro Pauleta
86.8%
Johan Micoud
86.4%
Yoann Gourcuff
85.7%
Jean-Pierre Papin
85.7%
Sylvain Wiltord
84.7%
Jean Tigana
83.3%
Bixente Lizarazu
82.9%
Cédric Carrasso
82.2%
Alain Giresse
81.9%
Ulrich Ramé
81.5%
Marius Trésor
80.5%
Rio Mavuba
78.4%
Alou Diarra
75.6%
Benoît Trémoulinas
75.6%
Jean-Claude Darcheville
74.9%
Marc Planus
73.9%
% Correct
Fernando Cavenaghi
73.5%
Jussiê
72.1%
Wendel
71.4%
Julien Faubert
71.1%
Bernard Lacombe
71.1%
Lilian Laslandes
67.9%
Franck Jurietti
62.7%
Gernot Rohr
62%
Gaëtan Huard
58.2%
Patrick Battiston
56.4%
Joseph-Antoine Bell
56.1%
Richard Witschge
55.1%
Camel Meriem
54.4%
Alain Roche
49.8%
Eduardo Costa
47.7%
Jean-Marc Ferreri
38.3%
Marco Caneira
33.8%
Jean-François Domergue
31.7%
Dieter Müller
21.3%
Gérard Soler
12.9%

You're not logged in!

Compare scores with friends on all Sporcle quizzes.
OR
Log In

Sporcle TV

Today on Sporcle TV


Watch our educational content, quiz creation guides, and fun videos on Sporcle TV.

Show Comments

Extras

Top Quizzes Today


Score Distribution

Your Account Isn't Verified!

In order to create a playlist on Sporcle, you need to verify the email address you used during registration. Go to your Sporcle Settings to finish the process.

Report this User

Report this user for behavior that violates our Community Guidelines.

Details: